[Event "AUTO-MASTER-1300"]
[Site "http://www.queenalice.com/game.php?id=874510"]
[Date "2010.12.21"]
[Round "1"]
[White "neromann"]
[Black "Ribar"]
[Result "1-0"]
[WhiteElo "2221"]
[BlackElo "2051"]

1. e4 c5 2. Nf3 a6 3. c3 d5 4. exd5 Qxd5 5. d4 cxd4 6. cxd4 Bg4 7. Nc3 Qa5 8.
Bc4 e6 9. Bd2 Qh5 10. Qa4+ Nd7 11. Bb5 Rd8 12. Bxd7+ Rxd7 13. Ne5 b5 14. Qxa6
Rxd4 15. Qxb5+ Ke7 16. Nc6+ Kf6 17. Qxh5 Bxh5 18. Nxd4 Bc5 19. Ne4+ 1-0

[Event "AUTO-MASTER-1300"]
[Site "http://www.queenalice.com/game.php?id=874511"]
[Date "2010.12.21"]
[Round "1"]
[White "Ribar"]
[Black "neromann"]
[Result "0-1"]
[WhiteElo "1949"]
[BlackElo "2224"]

1. c4 Nf6 2. Nc3 e5 3. Nf3 Nc6 4. g3 d5 5. cxd5 Nxd5 6. d3 Be7 7. Bd2 Be6 8. Bg2
O-O 9. O-O Qd7 10. Re1 f5 11. Nxd5 Bxd5 12. Bc3 Bf6 13. e4 fxe4 14. dxe4 Be6 15.
Qxd7 Bxd7 16. Nd2 Rad8 17. Nc4 Be6 18. Ne3 Rd7 19. b3 Rd3 20. Rac1 Bg5 21. Bf1
Rdd8 22. Bb5 Nd4 23. Be2 Bf6 24. Bxd4 exd4 25. Bc4 Bxc4 26. Nxc4 b6 27. e5 Be7
28. f4 Bc5 29. Kg2 d3 30. Red1 g5 31. Kf3 Rd4 0-1

[Event "AUTO-MASTER-1300"]
[Site "http://www.queenalice.com/game.php?id=874512"]
[Date "2010.12.21"]
[Round "1"]
[White "neromann"]
[Black "uracile"]
[Result "0-1"]
[WhiteElo "2219"]
[BlackElo "2332"]

1. d4 Nf6 2. c4 c5 3. Nf3 cxd4 4. Nxd4 e5 5. Nb5 d6 6. g3 Nc6 7. Bg2 Be6 8. Qa4
Be7 9. N1c3 a6 10. Na3 O-O 11. O-O d5 12. cxd5 Nxd5 13. Nxd5 Bxd5 14. Bxd5 Qxd5
15. Be3 b5 16. Qg4 f5 17. Qh3 Rad8 18. Bb6 Nd4 19. Bxd4 Qxd4 20. Nc2 Qxb2 21.
Ne3 g6 22. Qg2 e4 23. Qh3 Qxe2 24. Qh6 Bf6 25. Rac1 Bg7 26. Qf4 Qxa2 27. Rc7 Qe6
28. Rb7 Rf7 29. Rxf7 Kxf7 30. Rc1 Qe5 31. Qh4 Qe7 32. Qh3 b4 33. Qf1 Rd3 0-1

[Event "AUTO-MASTER-1300"]
[Site "http://www.queenalice.com/game.php?id=874513"]
[Date "2010.12.21"]
[Round "1"]
[White "uracile"]
[Black "neromann"]
[Result "1-0"]
[WhiteElo "2323"]
[BlackElo "2228"]

1. e4 c5 2. Nf3 Nc6 3. Bb5 g6 4. O-O Bg7 5. Nc3 e5 6. d3 Nge7 7. Bc4 O-O 8. Nd5
d6 9. Bg5 Be6 10. Qd2 Bxd5 11. Bxd5 Qd7 12. Bb3 Kh8 13. Ba4 f5 14. c3 f4 15. d4
cxd4 16. cxd4 b5 17. Bxb5 Qb7 18. Ba4 Ng8 19. Rac1 Rac8 20. dxe5 Nxe5 21. Rxc8
Rxc8 22. Qxd6 Qxe4 23. Nxe5 Bxe5 24. Qe6 Rb8 25. Bb3 Qd4 26. Rd1 Qxb2 27. Bd8
Nf6 28. Qf7 h5 29. Qxg6 Rxb3 30. axb3 Bd4 31. Bxf6+ Bxf6 32. Qxh5+ 1-0

[Event "AUTO-MASTER-1992"]
[Site "http://www.queenalice.com/game.php?id=1237580"]
[Date "2013.12.4"]
[Round "1"]
[White "clovis"]
[Black "neromann"]
[Result "0-1"]
[WhiteElo "2020"]
[BlackElo "2208"]

1. e4 d5 2. exd5 Nf6 3. Nc3 Nxd5 4. Bc4 e6 5. Nf3 Be7 6. O-O O-O 7. d4 b6 8. Ne5
Nxc3 9. bxc3 Bb7 10. Re1 Nd7 11. Nxf7 Rxf7 12. Bxe6 Nf6 13. Qe2 Bd5 14. Bxf7+
Kxf7 15. c4 Be4 16. Bb2 Bb4 17. Red1 Bd6 18. d5 Bf5 19. Re1 Kg8 20. Qf3 Bd7 21.
Re2 Bg4 22. Bxf6 Bxf3 23. Bxd8 Bxe2 0-1

[Event "AUTO-MASTER-1992"]
[Site "http://www.queenalice.com/game.php?id=1237581"]
[Date "2013.12.4"]
[Round "1"]
[White "neromann"]
[Black "clovis"]
[Result "1-0"]
[WhiteElo "2202"]
[BlackElo "2008"]

1. d4 d5 2. c4 c6 3. Nf3 e6 4. e3 Nf6 5. Bd3 Nbd7 6. O-O Bd6 7. Nc3 dxc4 8. Bxc4
O-O 9. e4 e5 10. h3 exd4 11. Qxd4 Qe7 12. Bg5 Ne5 13. Nxe5 Bxe5 14. Qe3 Bxc3 15.
Qxc3 Qxe4 16. Bxf6 gxf6 17. Rfe1 Qg6 18. Re3 Kh8 19. Rae1 b6 20. Rf3 c5 21. Rxf6
Qg7 22. Re3 Bb7 23. Rg3 1-0

[Event "AUTO-MASTER-1992"]
[Site "http://www.queenalice.com/game.php?id=1237594"]
[Date "2013.12.4"]
[Round "1"]
[White "lelinho"]
[Black "neromann"]
[Result "0-1"]
[WhiteElo "2114"]
[BlackElo "2250"]

1. e4 c5 2. Nf3 Nc6 3. d4 cxd4 4. Nxd4 d5 5. Nxc6 bxc6 6. Nc3 e6 7. Be2 Nf6 8.
Bg5 Be7 9. exd5 exd5 10. O-O O-O 11. a3 Be6 12. Bd3 Rb8 13. b4 Qc7 14. h3 Ng4
15. hxg4 Bxg5 16. Na4 Qf4 17. Be2 Rfe8 18. Nc5 Bc8 19. g3 Qd6 20. Bf3 Bf6 21.
Ra2 Be6 22. c4 Red8 23. cxd5 Bxd5 24. Bxd5 Qxd5 25. Qxd5 Rxd5 26. f3 Bd4+ 27.
Kg2 Bxc5 28. bxc5 Rxc5 29. Rd1 g6 30. Rdd2 Rb3 31. Rdc2 Rcc3 32. Rxc3 Rxc3 33.
f4 Kf8 34. a4 a5 35. g5 Ke7 36. Rd2 Rc4 37. Ra2 Kd6 38. Kf3 c5 39. g4 Rc3+ 40.
Ke4 Rc4+ 41. Ke3 Kd5 42. Rd2+ Rd4 43. Rxd4+ cxd4+ 44. Kd3 Kc5 45. f5 gxf5 46.
gxf5 Kd5 0-1

[Event "AUTO-MASTER-1992"]
[Site "http://www.queenalice.com/game.php?id=1237595"]
[Date "2013.12.4"]
[Round "1"]
[White "neromann"]
[Black "lelinho"]
[Result "1-0"]
[WhiteElo "2232"]
[BlackElo "2183"]

1. b4 a5 2. b5 a4 3. Bb2 e6 4. a3 Nf6 5. Nf3 Be7 6. e3 O-O 7. c4 d5 8. Nc3 Nbd7
9. Nxa4 dxc4 10. Bxc4 h6 11. O-O Nc5 12. Nxc5 Bxc5 13. Ne5 Ne4 14. d4 Bd6 15. f4
Bxe5 16. fxe5 Qg5 17. Rf4 f5 18. exf6 Nxf6 19. Qf3 Rb8 20. Rf1 Bd7 21. e4 Nh7
22. Bc1 Qe7 23. Qg3 Kh8 24. Qg6 Rxf4 25. Rxf4 Rf8 26. h3 Rxf4 27. Bxf4 Nf8 28.
Qg3 c6 29. bxc6 Bxc6 30. d5 exd5 31. Bd6 Qf6 32. exd5 Be8 33. Bxf8 Qxf8 34. Qb8
Qc5+ 35. Kh2 Qe7 36. Bb5 1-0

[Event "AUTO-MASTER-1992"]
[Site "http://www.queenalice.com/game.php?id=1237602"]
[Date "2013.12.4"]
[Round "1"]
[White "LOMBARDY"]
[Black "neromann"]
[Result "0-1"]
[WhiteElo "1919"]
[BlackElo "2214"]

1. f4 e5 2. fxe5 d6 3. Nf3 dxe5 4. e4 Bd6 5. Bc4 Nf6 6. d3 O-O 7. O-O Nc6 8. Kh1
Bg4 9. c3 Qe7 10. b4 a6 0-1

[Event "Challenge"]
[Site "http://www.queenalice.com/game.php?id=1243924"]
[Date "2013.12.30"]
[Round "-"]
[White "picapal"]
[Black "neromann"]
[Result "0-1"]
[WhiteElo "1970"]
[BlackElo "2219"]

1. e4 d5 2. e5 c5 3. c4 d4 4. Be2 Nc6 5. f4 Nh6 6. h3 e6 7. h4 Be7 8. g3 Nf5 9.
Kf2 O-O 10. Bd3 f6 11. g4 Nh6 12. g5 fxg5 13. hxg5 Bxg5 14. Be4 Bh4+ 15. Kf1
Rxf4+ 16. Nf3 Rxe4 17. d3 Rg4 18. Nxh4 Rxh4 19. Rxh4 Qxh4 20. Bxh6 Qh1+ 21. Ke2
Qxh6 22. Qf1 Bd7 23. Kd1 Rf8 24. Qe1 Nb4 25. Nd2 Be8 26. a3 Bh5+ 27. Qe2 Bxe2+
0-1

[Event "Challenge"]
[Site "http://www.queenalice.com/game.php?id=1244871"]
[Date "2014.1.3"]
[Round "-"]
[White "Zugswang"]
[Black "neromann"]
[Result "1/2-1/2"]
[WhiteElo "2171"]
[BlackElo "2220"]

1. e4 d5 2. exd5 Nf6 3. c4 e6 4. dxe6 Bxe6 5. d4 Bb4+ 6. Bd2 Bxd2+ 7. Qxd2 Qe7
8. Qe3 Ng4 9. Qe4 Qb4+ 10. Nd2 O-O 11. Nf3 Re8 12. Be2 Nd7 13. Qd3 Nh6 14. Qc3
Qxc3 15. bxc3 Bf5 16. Kd1 Ng4 17. Rf1 h6 18. h3 Ngf6 19. g4 Bh7 20. Nh4 g5 21.
Ng2 Ne4 22. Nxe4 Bxe4 23. f3 Bg6 24. Kd2 Re7 25. Bd3 Kg7 26. Rae1 Rae8 27. Rxe7
Rxe7 28. f4 f6 29. Ne3 Be4 30. Nf5+ Bxf5 31. Bxf5 Nf8 32. fxg5 hxg5 33. Re1 Rf7
34. c5 Ng6 35. Bxg6 Kxg6 36. d5 Rd7 37. c4 c6 38. d6 b6 39. Re7 Rxe7 40. dxe7
Kf7 41. cxb6 axb6 42. Kd3 Kxe7 43. c5 b5 44. a3 Kd7 45. Kd4 Ke7 46. Ke3 Kf7 47.
Kd4 Ke7 48. Kd3 Kd7 49. Kd4 Ke7 1/2-1/2

[Event "Challenge"]
[Site "http://www.queenalice.com/game.php?id=1249394"]
[Date "2014.1.18"]
[Round "-"]
[White "picapal"]
[Black "neromann"]
[Result "0-1"]
[WhiteElo "1842"]
[BlackElo "2258"]

1. e4 d5 2. Qf3 dxe4 3. Qxe4 Nf6 4. Qa4+ Bd7 5. Qb3 Nc6 6. Bc4 e6 7. Nf3 a6 8.
a4 Na5 9. Qd3 Nxc4 10. Qxc4 Bd6 11. Nc3 O-O 12. Ne4 Nxe4 13. Qxe4 Bc6 14. Qe2
Qf6 15. O-O Qf4 16. Qe3 Qg4 17. Ne1 f5 18. h3 Qg6 19. d4 f4 20. Qd3 Be4 21. Qe2
f3 22. Qe3 fxg2 23. Qg5 Bh2+ 24. Kxh2 gxf1=Q 25. Be3 Qh1+ 26. Kg3 Rf3+ 27. Nxf3
Qxf3+ 28. Kh4 Bf5 29. Rh1 Qxh1 30. Qg3 Qxg3+ 31. Kxg3 Qxh3+ 0-1

[Event "AUTO-ELITE-1286"]
[Site "http://www.queenalice.com/game.php?id=1255562"]
[Date "2014.2.11"]
[Round "1"]
[White "Ettedualc"]
[Black "neromann"]
[Result "1-0"]
[WhiteElo "2512"]
[BlackElo "2270"]

1. h3 e5 2. e4 Bc5 3. Nf3 Nc6 4. Bc4 Nf6 5. Nc3 O-O 6. O-O d6 7. d3 h6 8. Re1 a6
9. Nd5 Nxd5 10. Bxd5 Ne7 11. Bc4 Ng6 12. c3 Qf6 13. d4 Bb6 14. a4 Be6 15. Bxe6
fxe6 16. a5 Ba7 17. Be3 Nf4 18. Bxf4 Qxf4 19. dxe5 Qg3 20. Qe2 Rf4 21. Nd4 Qg6
22. exd6 e5 23. Nf3 cxd6 24. Kh2 Raf8 25. Rad1 Qh5 26. Rd3 d5 27. Nd2 Qh4 28. f3
Bf2 29. Rd1 Qg3+ 30. Kh1 d4 31. Nf1 Qh4 32. Kh2 dxc3 33. g3 Bxg3+ 34. Nxg3 cxb2
35. Qxb2 1-0

[Event "AUTO-ELITE-1286"]
[Site "http://www.queenalice.com/game.php?id=1255563"]
[Date "2014.2.11"]
[Round "1"]
[White "neromann"]
[Black "Ettedualc"]
[Result "0-1"]
[WhiteElo "2275"]
[BlackElo "2518"]

1. d4 g6 2. e4 Bg7 3. Nf3 d6 4. Be3 Nf6 5. Nc3 O-O 6. Qd2 d5 7. Bd3 Nc6 8. h3
dxe4 9. Nxe4 e5 10. Nxf6+ Qxf6 11. c3 exd4 12. Nxd4 Nxd4 13. Bxd4 Re8+ 14. Be3
Bh6 15. O-O Bxe3 16. fxe3 Qg5 17. Rf3 Be6 18. Qf2 Rad8 19. Bc2 Qb5 20. Bb3 Bxb3
21. axb3 Qxb3 22. Rxa7 Rd1+ 23. Kh2 Rb1 24. Qd2 Qb5 25. b4 Qe5+ 26. g3 Qe4 27.
Kg2 Rf1 28. Kxf1 Qxf3+ 29. Qf2 Qh1+ 30. Ke2 Rd8 31. e4 Qd1+ 32. Ke3 Qd3+ 33. Kf4
Rd6 34. Kg5 Qxe4 35. Ra5 Kg7 0-1

[Event "AUTO-ELITE-1286"]
[Site "http://www.queenalice.com/game.php?id=1255566"]
[Date "2014.2.11"]
[Round "1"]
[White "Cheesy369"]
[Black "neromann"]
[Result "0-1"]
[WhiteElo "2173"]
[BlackElo "2269"]

1. d4 Nf6 2. c4 e5 3. dxe5 Ng4 4. Nc3 Nxe5 5. e4 Bc5 6. Be2 O-O 7. Nf3 Nbc6 8.
Nxe5 Nxe5 9. O-O d6 10. Na4 Bb6 11. Nxb6 axb6 12. f4 Nc6 13. Bd2 f5 14. Bd3 fxe4
15. Bxe4 Bf5 16. Bd5+ Kh8 17. Bc3 Qe8 18. Re1 Qg6 19. Re3 Qh6 20. Qd2 Bg6 0-1

[Event "AUTO-ELITE-1286"]
[Site "http://www.queenalice.com/game.php?id=1255567"]
[Date "2014.2.11"]
[Round "1"]
[White "neromann"]
[Black "Cheesy369"]
[Result "1-0"]
[WhiteElo "2259"]
[BlackElo "2183"]

1. d4 Nf6 2. c4 e6 3. Nf3 d5 4. Bg5 Nbd7 5. e3 h6 6. Bh4 Be7 7. Nc3 O-O 8. Rc1
dxc4 9. Bxc4 a6 10. O-O b5 11. Bd3 Bb7 12. e4 c5 13. e5 Nd5 14. Bxe7 Qxe7 15.
Ne4 cxd4 16. Nd6 Nxe5 17. Nxb7 Nxd3 18. Qxd3 Qxb7 19. Qxd4 Rac8 20. h3 Rc7 21.
Rxc7 Qxc7 22. Re1 Rc8 23. a3 1-0

[Event "AUTO-MASTER-1992"]
[Site "http://www.queenalice.com/game.php?id=1263646"]
[Date "2014.3.9"]
[Round "2"]
[White "pedrolobo"]
[Black "neromann"]
[Result "0-1"]
[WhiteElo "2062"]
[BlackElo "2275"]

1. d4 Nf6 2. c4 e5 3. dxe5 Ng4 4. e4 Nxe5 5. f4 Nec6 6. Nf3 Bc5 7. a3 a5 8. Nc3
d6 9. Nd5 O-O 10. Be3 Bxe3 11. Nxe3 Na6 12. Bd3 Qf6 13. Rb1 Qxf4 14. Nd5 Qh6 15.
O-O Bg4 16. Be2 Rae8 17. h3 Bh5 18. Nh2 Bxe2 19. Qxe2 f5 20. Rbe1 Rxe4 21. Qd3
Rfe8 22. Rxe4 fxe4 23. Qg3 Qg6 24. Qxg6 hxg6 25. Re1 a4 26. Nf3 Na5 27. Nd2 c6
28. Nb6 Nc5 29. Kf2 Nd3+ 0-1

[Event "AUTO-MASTER-1992"]
[Site "http://www.queenalice.com/game.php?id=1263647"]
[Date "2014.3.9"]
[Round "2"]
[White "neromann"]
[Black "pedrolobo"]
[Result "1-0"]
[WhiteElo "2269"]
[BlackElo "2083"]

1. d4 d5 2. c4 e6 3. Nf3 Be7 4. e3 Nf6 5. Nc3 O-O 6. Bd3 c5 7. O-O Nc6 8. b3
cxd4 9. exd4 dxc4 10. bxc4 Nb4 11. Bb1 Qc7 12. Qe2 Bd7 13. a3 Na6 14. Bg5 Rfe8
15. c5 Bc6 16. Ne5 Nd5 17. Ne4 f6 18. Nxc6 Qxc6 19. Bd2 Nac7 20. a4 a5 21. Ra3
b6 22. Rc1 bxc5 23. Nxc5 Qb6 24. Rb3 Qa7 25. Rb7 1-0

[Event "AUTO-MASTER-1992"]
[Site "http://www.queenalice.com/game.php?id=1263650"]
[Date "2014.3.9"]
[Round "2"]
[White "neromann"]
[Black "chagrix64"]
[Result "0-1"]
[WhiteElo "2281"]
[BlackElo "2465"]

1. d4 Nf6 2. c4 e6 3. Nf3 d5 4. e3 c5 5. Nc3 Nc6 6. Be2 dxc4 7. O-O cxd4 8. exd4
Be7 9. Bxc4 O-O 10. Bg5 a6 11. Rc1 b5 12. Bd3 Bb7 13. Re1 Rc8 14. Bb1 g6 15. a3
Na5 16. Ne5 Nc4 17. Nxc4 Rxc4 18. Be3 Nd5 19. Ba2 Nxc3 20. bxc3 Ra4 21. Bh6 Re8
22. Qe2 Rxa3 23. Rc2 Bg5 24. Bxg5 Qxg5 25. Qf1 Rc8 26. Re5 Qf4 27. Re3 b4 28.
Qc1 Be4 0-1

[Event "AUTO-MASTER-1992"]
[Site "http://www.queenalice.com/game.php?id=1263651"]
[Date "2014.3.9"]
[Round "2"]
[White "chagrix64"]
[Black "neromann"]
[Result "1-0"]
[WhiteElo "2372"]
[BlackElo "2278"]

1. e4 d5 2. exd5 Nf6 3. d4 e6 4. dxe6 Bxe6 5. Nf3 Bd6 6. c4 Bb4+ 7. Nc3 Ne4 8.
Qc2 Bxc3+ 9. bxc3 Nf6 10. Ba3 Nbd7 11. d5 Bg4 12. Qe2+ 1-0